[Event "19e Open de Saint-Affrique"]
[Site "Saint Affrique (12)"]
[Date "2011.07.23"]
[Round "1.1"]
[White "Degraeve, Jean-Marc"]
[Black "Palomar, Felix"]
[Result "1-0"]
[WhiteElo "2574"]
[BlackElo "1794"]
[PlyCount "125"]
[EventDate "2011.??.??"]

1. e4 e5 2. Nf3 Nc6 3. Bc4 Nf6 4. d3 Bc5 5. c3 d6 6. Nbd2 a6 7. Bb3 Bg4 8. Nf1
Ba7 9. h3 Be6 10. Ng3 Bxb3 11. axb3 O-O 12. Bg5 h6 13. Bh4 g6 14. Qd2 Kg7 15.
Nh2 Nxe4 16. dxe4 Qxh4 17. Nf3 Qe7 18. h4 h5 19. Rh3 Qf6 20. Ng5 Nd8 21. Nf1
Qf4 22. Qe2 Ne6 23. Nf3 Rad8 24. g3 Qf6 25. O-O-O Rfe8 26. Rh2 Nc5 27. b4 Nd7
28. Ng5 Nf8 29. Ne3 Bxe3+ 30. fxe3 Qe7 31. g4 Ne6 32. Nxe6+ Qxe6 33. gxh5 Rh8
34. hxg6 fxg6 35. Rg1 Kf7 36. h5 gxh5 37. Rxh5 Rdg8 38. Rxh8 Rxh8 39. b5 a5 40.
b6 c6 41. Qg2 Qh6 42. Kb1 Kf8 43. Qg4 Ke7 44. Qg7+ Qxg7 45. Rxg7+ Ke6 46. Rxb7
d5 47. exd5+ cxd5 48. Ra7 Rb8 49. Ra6 Rb7 50. Ka2 Kd6 51. Ka3 Kc6 52. Ka4 Rxb6
53. Kxa5 Rxa6+ 54. Kxa6 Kc5 55. b4+ Kc4 56. b5 Kxc3 57. b6 d4 58. exd4 exd4 59.
b7 d3 60. b8=Q d2 61. Qb1 Kd4 62. Kb5 Ke3 63. Qd1 1-0

[Event "19e Open de Saint-Affrique"]
[Site "Saint Affrique (12)"]
[Date "2011.07.23"]
[Round "1.2"]
[White "Kohi, Camilla"]
[Black "Gozzoli, Yannick"]
[Result "0-1"]
[WhiteElo "1790"]
[BlackElo "2532"]
[PlyCount "36"]
[EventDate "2011.??.??"]

1. a3 e5 2. d4 exd4 3. Nf3 d5 4. Nxd4 c5 5. Nf3 Nc6 6. Nc3 Nf6 7. Bg5 Be6 8. e4
d4 9. Nd5 Bxd5 10. exd5 Qxd5 11. Bxf6 gxf6 12. c3 O-O-O 13. cxd4 Rg8 14. dxc5
Qxc5 15. Qc1 Qb6 16. Nh4 Qa5+ 17. b4 Bxb4+ 18. axb4 Qxb4+ 0-1

[Event "19e Open de Saint-Affrique"]
[Site "Saint Affrique (12)"]
[Date "2011.07.23"]
[Round "1.3"]
[White "Karpatchev, Aleksandr"]
[Black "Terki, Moussa"]
[Result "1-0"]
[WhiteElo "2485"]
[BlackElo "1789"]
[PlyCount "37"]
[EventDate "2011.??.??"]

1. e4 e6 2. d4 d5 3. Nd2 c5 4. Ngf3 Qb6 5. exd5 exd5 6. Qe2+ Be6 7. dxc5 Bxc5
8. Nb3 Nd7 9. Nxc5 Qxc5 10. Be3 Qc7 11. Nd4 Ngf6 12. f4 Bg4 13. Qf2 Ne4 14. Qh4
Ndf6 15. Bd3 Rc8 16. f5 Qa5+ 17. Kf1 g6 18. Bxe4 Nxe4 19. Qxg4 1-0

[Event "19e Open de Saint-Affrique"]
[Site "Saint Affrique (12)"]
[Date "2011.07.23"]
[Round "1.4"]
[White "Robert, Thierry"]
[Black "Flear, Glenn C"]
[Result "0-1"]
[WhiteElo "1784"]
[BlackElo "2483"]
[PlyCount "80"]
[EventDate "2011.??.??"]

1. e4 e5 2. Nf3 Nc6 3. d4 exd4 4. Nxd4 Bc5 5. Nf5 d5 6. Nxg7+ Kf8 7. Nh5 Qh4 8.
Ng3 Nf6 9. Be2 dxe4 10. b4 Bxb4+ 11. c3 Bd6 12. Ba3 Bxa3 13. Nxa3 Be6 14. Nb5
Rd8 15. Qc1 Rd7 16. Nxa7 Ne5 17. Qe3 Kg7 18. Nb5 Nd3+ 19. Bxd3 Rxd3 20. Qc5 Rd5
21. Qb4 c5 22. Qb2 Qf4 23. c4 Re5 24. O-O Bxc4 25. Rfe1 h5 26. Nd6 Bd3 27. Qxb7
Ng4 {#} 28. Qb2 h4 29. Nf1 Rd8 30. h3 Qxf2+ 31. Qxf2 Nxf2 32. Nxf7 Nxh3+ 33.
gxh3 Kxf7 34. Ne3 Ke6 35. Ng4 Rf5 36. Rad1 c4 37. Ne3 Rg8+ 38. Ng4 Rf3 39. Kh2
Kd5 40. Kg1 Kd4 0-1

[Event "19e Open de Saint-Affrique"]
[Site "Saint Affrique (12)"]
[Date "2011.07.23"]
[Round "1.5"]
[White "Petitcunot, Pierre"]
[Black "Kaser, Simon"]
[Result "1-0"]
[WhiteElo "2414"]
[BlackElo "1779"]
[PlyCount "47"]
[EventDate "2011.??.??"]

1. e4 c5 2. Nf3 d6 3. d4 cxd4 4. Nxd4 Nf6 5. Nc3 e6 6. Be2 Be7 7. O-O Nc6 8.
Be3 a6 9. f4 Qc7 10. Qe1 O-O 11. Qg3 Nd7 12. Rad1 Bf6 13. Nf3 b5 14. e5 dxe5
15. Ne4 Kh8 16. Nxf6 Nxf6 17. fxe5 Nd5 18. Bc5 Nce7 19. Bd6 Qb6+ 20. Nd4 Kg8
21. Kh1 Qd8 22. Rd3 f6 23. Bf3 Bb7 24. Nxe6 1-0

[Event "19e Open de Saint-Affrique"]
[Site "Saint Affrique (12)"]
[Date "2011.07.23"]
[Round "1.6"]
[White "Schegerin, Andre"]
[Black "Bedouin, Xavier"]
[Result "0-1"]
[WhiteElo "1779"]
[BlackElo "2410"]
[PlyCount "72"]
[EventDate "2011.??.??"]

1. f4 d5 2. Nf3 Bg4 3. e3 Nd7 4. d4 e6 5. h3 Bh5 6. Bd3 Bd6 7. Nbd2 Ngf6 8. Be2
Ne4 9. O-O Ng3 10. Re1 Qe7 11. c4 c6 12. c5 Bc7 13. Kf2 Bxf3 14. Bxf3 Qh4 15.
Kg1 f5 16. Nf1 Nf6 17. Nxg3 Qxg3 18. Qe2 g5 19. Qf2 Qxf2+ 20. Kxf2 g4 21. hxg4
fxg4 22. Be2 Ne4+ 23. Kg1 h5 24. a3 Kf7 25. Bd3 h4 26. Bxe4 dxe4 27. b4 g3 28.
Bb2 Rh5 29. d5 exd5 30. Bd4 Bd8 31. a4 Bf6 32. Bxf6 Kxf6 33. b5 Rc8 34. Rec1
Rh7 35. Rab1 cxb5 36. Rxb5 Rhc7 0-1

[Event "19e Open de Saint-Affrique"]
[Site "Saint Affrique (12)"]
[Date "2011.07.23"]
[Round "1.7"]
[White "Mladenov, Plamen"]
[Black "Sentis, Maxime"]
[Result "1-0"]
[WhiteElo "2391"]
[BlackElo "1765"]
[PlyCount "59"]
[EventDate "2011.??.??"]

1. e4 e5 2. Nc3 Nc6 3. f4 d6 4. Nf3 g6 5. Bc4 Bg7 6. O-O Na5 7. Bb5+ c6 8. Be2
b5 9. fxe5 dxe5 10. b4 Nb7 11. a4 Bd7 12. axb5 cxb5 13. Kh1 a6 14. Nd5 Bc6 15.
Bb2 Bxd5 16. exd5 Qxd5 {#} 17. Nxe5 Bxe5 18. Bf3 Qd7 19. Bxe5 f6 20. Qe2 Kf7
21. Qe4 Re8 22. d4 Kg7 23. Qxb7 Qxb7 24. Bxb7 fxe5 25. Rae1 Rb8 26. Bxa6 exd4
27. Re5 Nh6 28. Re7+ Kg8 29. Rc7 Nf5 30. Bc8 1-0

[Event "19e Open de Saint-Affrique"]
[Site "Saint Affrique (12)"]
[Date "2011.07.23"]
[Round "1.8"]
[White "Blanchon, Pascal"]
[Black "Milchev, Nikolay"]
[Result "0-1"]
[WhiteElo "1762"]
[BlackElo "2388"]
[PlyCount "68"]
[EventDate "2011.??.??"]

1. e4 Nf6 2. Nc3 d6 3. d4 g6 4. f4 Bg7 5. Nf3 O-O 6. Be3 c6 7. Qd2 b5 8. a3 Bb7
9. Bd3 a5 10. h3 b4 11. Na4 c5 12. O-O Bc6 13. b3 Nxe4 14. Bxe4 Bxe4 15. axb4
cxb4 16. c4 bxc3 17. Nxc3 Bb7 18. f5 Nd7 19. fxg6 hxg6 20. Ng5 Nf6 21. Qe1 Nh7
22. Nce4 Bxe4 23. Nxe4 Qb6 24. Qc3 Rfc8 25. Qb2 Rab8 26. Qf2 Qxb3 27. Rxa5 Rc2
28. Qf4 Re2 29. Bf2 Qd3 30. Ng3 Re6 31. Kh2 Rf6 32. Qe4 Qxe4 33. Nxe4 Rf4 34.
Nc3 Bxd4 0-1

[Event "19e Open de Saint-Affrique"]
[Site "Saint Affrique (12)"]
[Date "2011.07.23"]
[Round "1.80"]
[White "Fosse, Jean-Claude"]
[Black "Ferrandi, Bernard"]
[Result "1-0"]
[WhiteElo "1366"]
[BlackElo "1839"]
[PlyCount "103"]
[EventDate "2011.??.??"]

1. e4 e5 2. Nf3 Nc6 3. Bb5 a6 4. Ba4 b5 5. Bb3 Na5 6. c3 Nxb3 7. axb3 d6 8. O-O
Bg4 9. Qe2 c6 10. d4 Qf6 11. Nbd2 exd4 12. e5 dxe5 13. Qxe5+ Qxe5 14. Nxe5 dxc3
15. bxc3 Bd7 16. Nxd7 Kxd7 17. Ne4 f5 18. Rd1+ Kc7 19. Bf4+ Kc8 20. Nd6+ Bxd6
21. Rxd6 Ne7 22. Be5 Rg8 23. f4 g5 24. Bf6 Nd5 25. Rxc6+ Kb7 26. Rd6 Nxf4 27.
Rd7+ Kc8 28. Rxh7 Rf8 29. Bxg5 Ne6 30. Be7 Rg8 31. Rf1 f4 32. Bd6 f3 33. Rxf3
Rd8 34. Rd3 Re8 35. Kf2 a5 36. c4 bxc4 37. bxc4 Ra6 38. c5 Rc6 39. Rb3 Rxd6 40.
cxd6 Rf8+ 41. Ke3 Rd8 42. d7+ Kc7 43. Rc3+ Kb7 44. Rc8 a4 45. Rxd8 Nxd8 46. Kd3
Kc7 47. Kc3 Nc6 48. h4 Kd8 49. h5 Ne5 50. Rg7 a3 51. Kb3 Nc4 52. h6 1-0

[Event "19e Open de Saint-Affrique"]
[Site "Saint Affrique (12)"]
[Date "2011.07.24"]
[Round "2.1"]
[White "Roubaud, Alexandre"]
[Black "Degraeve, Jean-Marc"]
[Result "0-1"]
[WhiteElo "2087"]
[BlackElo "2574"]
[PlyCount "52"]
[EventDate "2011.??.??"]

1. e4 c5 2. Nf3 a6 3. d4 cxd4 4. Nxd4 e5 5. Nb3 Nf6 6. Nc3 Bb4 7. Bd3 b6 8. O-O
Bb7 9. Bg5 Bxc3 10. bxc3 h6 11. Bc1 O-O 12. Qe2 Re8 13. c4 d6 14. Rb1 Nbd7 15.
Na5 Bxe4 16. Bxe4 Nxe4 17. Qxe4 bxa5 18. Ba3 Nc5 19. Qd5 Rc8 20. Rfd1 Na4 21.
Rb7 Qf6 22. Qxa5 Rxc4 23. Rxd6 Qf5 24. Qe1 Qxc2 25. Rxa6 Rd8 26. Rb1 Rcd4 0-1

[Event "19e Open de Saint-Affrique"]
[Site "Saint Affrique (12)"]
[Date "2011.07.24"]
[Round "2.2"]
[White "Gozzoli, Yannick"]
[Black "Aiglon, Laurent"]
[Result "1-0"]
[WhiteElo "2532"]
[BlackElo "2045"]
[PlyCount "61"]
[EventDate "2011.??.??"]

1. d4 d5 2. Nf3 Nf6 3. c4 c6 4. Nc3 e6 5. Bg5 Be7 6. e3 O-O 7. Bd3 dxc4 8. Bxc4
b5 9. Bd3 a6 10. Rc1 Bb7 11. O-O Nbd7 12. Bxf6 Bxf6 13. Ne4 Be7 14. Qc2 g6 15.
Rfd1 Rc8 16. Nc5 Nxc5 17. dxc5 Qc7 18. h4 e5 19. h5 f5 20. e4 f4 21. Qb3+ Rf7
22. Qe6 Bf6 23. Bc2 Kg7 24. Bb3 Rcf8 25. h6+ Kh8 26. Qd6 Re7 27. Qxc7 Rxc7 28.
Rd6 Bc8 29. Rcd1 Be7 {#} 30. Nxe5 Bxd6 31. Rxd6 1-0

[Event "19e Open de Saint-Affrique"]
[Site "Saint Affrique (12)"]
[Date "2011.07.24"]
[Round "2.3"]
[White "Priser, Patrick"]
[Black "Karpatchev, Aleksandr"]
[Result "0-1"]
[WhiteElo "2020"]
[BlackElo "2485"]
[PlyCount "50"]
[EventDate "2011.??.??"]

1. e4 e5 2. Nf3 Nc6 3. Bc4 Nf6 4. d3 Be7 5. c3 O-O 6. O-O d5 7. exd5 Nxd5 8.
Re1 Bg4 9. h3 Bh5 10. Nbd2 Nb6 11. Bb5 f6 12. Nc4 Kh8 13. g4 Bf7 14. Ne3 a6 15.
Bxc6 bxc6 16. Nf5 Bd6 17. Be3 Nd5 18. Nxd6 cxd6 19. Qa4 Qd7 20. d4 e4 21. Nd2
f5 22. gxf5 Qxf5 23. Qxc6 Bh5 24. Nxe4 Qxe4 25. Qxd6 Rf6 0-1

[Event "19e Open de Saint-Affrique"]
[Site "Saint Affrique (12)"]
[Date "2011.07.24"]
[Round "2.4"]
[White "Flear, Glenn C"]
[Black "Brest, Jean-Francois"]
[Result "1-0"]
[WhiteElo "2483"]
[BlackElo "2016"]
[PlyCount "61"]
[EventDate "2011.??.??"]

1. d4 d5 2. c4 c6 3. Nf3 Nf6 4. e3 e6 5. Nbd2 Nbd7 6. Bd3 dxc4 7. Nxc4 b5 8.
Nce5 Bb7 9. O-O a6 10. a4 Bd6 11. b3 Qb8 12. Bb2 bxa4 13. bxa4 c5 14. Rb1 Qc7
15. Qc2 Rc8 16. Rfc1 O-O 17. Qe2 Ra8 18. Nxd7 Nxd7 19. dxc5 Bxf3 20. Qxf3 Bxh2+
21. Kh1 Be5 22. Ba3 Bf6 23. Qb7 Qe5 24. Be2 Bh4 25. Qxd7 Bxf2 26. Qd4 Qg5 27.
Qf4 Bxe3 28. Qxg5 Bxg5 29. Rd1 Rfc8 30. Bf3 Ra7 31. Bb7 1-0

[Event "19e Open de Saint-Affrique"]
[Site "Saint Affrique (12)"]
[Date "2011.07.24"]
[Round "2.5"]
[White "Pruvot, Louis"]
[Black "Petitcunot, Pierre"]
[Result "0-1"]
[WhiteElo "1997"]
[BlackElo "2414"]
[PlyCount "68"]
[EventDate "2011.??.??"]

1. d4 g6 2. e4 c6 3. h3 d5 4. Nc3 Bg7 5. Nf3 Nh6 6. Bf4 f6 7. exd5 cxd5 8. Nb5
O-O 9. c4 Na6 10. cxd5 Qxd5 11. Nc3 Qf7 12. Qa4 Kh8 13. Bc4 e6 14. O-O g5 15.
Bh2 g4 16. hxg4 Nxg4 17. Bg3 Qh5 18. Bxa6 {#} 18... f5 19. Be2 f4 20. Bh2 Rf6
21. g3 Qh3 22. Qe8+ Rf8 23. Qe7 fxg3 24. Bxg3 Ne3 25. fxe3 Qxg3+ 26. Kh1 Bd7
27. Qh4 Rxf3 28. Qxg3 Rxg3 29. Rf3 Rg6 30. Rf7 Bc6+ 31. Kh2 Rg8 32. Bf1 {#}
32... Be5+ 33. dxe5 Rh6+ 34. Bh3 Rg2+ 0-1

[Event "19e Open de Saint-Affrique"]
[Site "Saint Affrique (12)"]
[Date "2011.07.24"]
[Round "2.6"]
[White "Bedouin, Xavier"]
[Black "Tardif, Sebastien"]
[Result "1-0"]
[WhiteElo "2410"]
[BlackElo "1996"]
[PlyCount "54"]
[EventDate "2011.??.??"]

1. d4 e6 2. c4 f5 3. g3 Nf6 4. Bg2 Be7 5. Nf3 d6 6. Nc3 O-O 7. O-O Qe8 8. b3
Nbd7 9. Qc2 Qg6 10. Ng5 Nb6 11. a4 h6 12. Nh3 e5 13. a5 Nbd7 14. a6 c6 15. Rd1
Qg4 16. Ba3 Rf7 17. c5 d5 18. dxe5 Nxe5 19. Nf4 Nh7 20. h3 Qg5 21. h4 Qf6 {#}
22. Ncxd5 cxd5 23. Nxd5 Qg6 24. Nxe7+ Rxe7 25. c6 Re8 26. axb7 Bxb7 27. cxb7
Rad8 1-0

[Event "19e Open de Saint-Affrique"]
[Site "Saint Affrique (12)"]
[Date "2011.07.24"]
[Round "2.7"]
[White "Duff, Rufus"]
[Black "Mladenov, Plamen"]
[Result "1/2-1/2"]
[WhiteElo "1973"]
[BlackElo "2391"]
[PlyCount "75"]
[EventDate "2011.??.??"]

1. e4 c5 2. Nf3 e6 3. d4 cxd4 4. Nxd4 a6 5. Nc3 Qc7 6. Bd3 b5 7. O-O Bb7 8. Qe2
Nc6 9. Nxc6 Qxc6 10. f4 b4 11. Nd1 Nf6 12. Nf2 h5 13. Be3 d5 14. exd5 Qxd5 15.
Nd1 Ng4 16. Kh1 Be7 17. c3 a5 18. Bb5+ Kf8 19. Bd4 bxc3 20. bxc3 Bc5 21. Bc4
Qc6 22. h3 Bxd4 23. cxd4 Rc8 24. Rb1 Nf6 {#} 25. Rxb7 Qxb7 26. Ba6 Rc2 27. Qxc2
Qxa6 28. Ne3 g6 29. Rc1 Kg7 30. Qc7 h4 31. d5 Nxd5 32. Nxd5 exd5 33. f5 Re8 34.
fxg6 Qxg6 35. Qxa5 Re2 36. Qxd5 Qe4 37. Qg5+ Qg6 38. Qxg6+ 1/2-1/2

[Event "19e Open de Saint-Affrique"]
[Site "Saint Affrique (12)"]
[Date "2011.07.24"]
[Round "2.9"]
[White "Renaux, Osmin"]
[Black "Kukov, Velislav"]
[Result "0-1"]
[WhiteElo "1964"]
[BlackElo "2377"]
[PlyCount "70"]
[EventDate "2011.??.??"]

1. d4 d5 2. Nf3 Nc6 3. c4 Bg4 4. Ne5 Nxe5 5. dxe5 dxc4 6. Qc2 Qd4 7. e3 Qxe5 8.
Bxc4 e6 9. Bd2 c6 10. Bc3 Qc7 11. O-O Nf6 12. Nd2 Be7 13. e4 e5 14. f4 exf4 15.
e5 Nd5 16. Bxd5 cxd5 17. Qa4+ Qd7 18. Qxf4 O-O 19. Nb3 Be2 20. Rf2 Bh5 21. e6
Qxe6 22. Re1 Bd6 23. Qd4 Qg6 24. Qxd5 Rae8 25. Rxe8 Rxe8 26. Qxb7 Qb1+ 27. Rf1
Bxh2+ 28. Kxh2 Qxf1 29. Qxa7 Bf3 30. Qg1 Qxg1+ 31. Kxg1 Bd5 32. Kf2 Ra8 33. Nc1
Bxa2 34. Nxa2 Rxa2 35. Ke3 f6 0-1

[Event "19e Open de Saint-Affrique"]
[Site "Saint Affrique (12)"]
[Date "2011.07.24"]
[Round "2.10"]
[White "Milliet, Sophie"]
[Black "Fragnaud, Jean-Guy"]
[Result "1-0"]
[WhiteElo "2355"]
[BlackElo "1944"]
[PlyCount "65"]
[EventDate "2011.??.??"]

1. e4 c6 2. d4 d5 3. Nc3 dxe4 4. Nxe4 Nd7 5. Ng5 Ngf6 6. Bd3 e6 7. N1f3 Bd6 8.
Qe2 h6 9. Ne4 Nxe4 10. Qxe4 Nf6 11. Qe2 Qc7 12. Bd2 b6 13. O-O-O Bb7 14. Ne5 c5
15. Bb5+ Ke7 16. dxc5 bxc5 17. f4 Rhd8 18. Bd3 Rab8 19. c4 Ba8 20. Rhe1 Kf8 21.
Bc3 Re8 22. g4 Nd7 23. g5 hxg5 24. Qh5 Bxe5 25. fxe5 Nb6 26. Rf1 g4 27. Qh8+
Ke7 28. Qxg7 Bf3 29. Qf6+ Kd7 30. Rxf3 gxf3 31. Qxf7+ Re7 32. Be4+ Nd5 33. Qxf3
1-0

[Event "19e Open de Saint-Affrique"]
[Site "Saint Affrique (12)"]
[Date "2011.07.24"]
[Round "2.15"]
[White "Gelin, Baptiste"]
[Black "Dimitrov, Christo"]
[Result "1-0"]
[WhiteElo "1926"]
[BlackElo "2301"]
[PlyCount "85"]
[EventDate "2011.??.??"]

1. e4 c5 2. Nf3 d6 3. d4 cxd4 4. Nxd4 Nf6 5. Nc3 a6 6. Be2 e5 7. Nb3 Be7 8. Bg5
Be6 9. Bxf6 Bxf6 10. Qd3 Nc6 11. O-O-O Be7 12. g3 Rc8 13. f4 O-O 14. Kb1 b5 15.
f5 Bc4 16. Qf3 Bxb3 17. cxb3 Nd4 18. Qg4 Kh8 19. h4 Rc5 20. Rc1 Bf6 21. Bd3 Qd7
22. Qd1 Rfc8 23. Qd2 Qc7 24. Rcf1 Qa5 25. g4 d5 26. g5 Bd8 27. f6 g6 28. h5 Ne6
29. hxg6 fxg6 {#} 30. Rxh7+ Kxh7 31. Qh2+ Kg8 32. f7+ Kf8 33. Qh8+ Ke7 34. exd5
Nf8 35. Qxe5+ Kd7 36. Qe8+ Kc7 37. Qxf8 b4 38. Qg7 bxc3 39. f8=Q+ Kb8 40. Qd6+
Bc7 41. Qdxg6 cxb2 42. Qxb2 Rxd5 43. Qxa6 1-0

[Event "19e Open de Saint-Affrique"]
[Site "Saint Affrique (12)"]
[Date "2011.07.24"]
[Round "2.17"]
[White "Dubost, Christophe"]
[Black "Ravot, Sylvain"]
[Result "0-1"]
[WhiteElo "1906"]
[BlackElo "2267"]
[PlyCount "50"]
[EventDate "2011.??.??"]

1. c4 Nf6 2. g3 c6 3. Bg2 e5 4. a3 d5 5. cxd5 cxd5 6. d4 exd4 7. Qxd4 Nc6 8.
Qd1 d4 9. e4 Qa5+ 10. Bd2 Qb5 11. Qc2 Ne5 12. Bf1 Qb6 13. a4 Bd7 14. a5 Qc6 15.
Qxc6 Bxc6 16. f3 Nxe4 17. Bg2 Nxd2 18. Nxd2 Bb4 19. Ke2 Bb5+ 20. Kd1 Nd3 21.
Nh3 Rc8 22. Rb1 O-O 23. f4 Rc7 24. Ne4 Rfc8 25. Nhf2 Nxb2+ 0-1

[Event "19e Open de Saint-Affrique"]
[Site "Saint Affrique (12)"]
[Date "2011.07.24"]
[Round "2.35"]
[White "Youssoupov, Moisse"]
[Black "Fabre, Philippe"]
[Result "0-1"]
[WhiteElo "2139"]
[BlackElo "1829"]
[PlyCount "82"]
[EventDate "2011.??.??"]

1. d4 Nf6 2. Bf4 g6 3. e3 Bg7 4. Nf3 O-O 5. Be2 d6 6. O-O Nbd7 7. c4 Nh5 8. Bg5
h6 9. Bh4 c6 10. Nc3 g5 11. Nd2 Nhf6 12. Bg3 e5 13. h4 Qe7 14. hxg5 hxg5 15.
Nf3 Ne8 16. dxe5 dxe5 17. Ne1 f5 18. f4 exf4 19. exf4 g4 20. Nc2 Nc5 21. Bf2 a5
22. Re1 Be6 23. Qc1 Nf6 24. Qe3 Nfe4 25. Nxe4 Nxe4 26. Nd4 {#} 26... Bxd4 27.
Qxd4 g3 28. Be3 Qh4 29. Rad1 Rad8 30. Qe5 Bc8 31. c5 Nf2 32. Bc4+ Kh7 33. Qc7+
Kh6 34. Rd6+ Rxd6 35. Qxd6+ Rf6 36. Qxf6+ Qxf6 37. Kf1 Qxb2 38. Re2 Qb1+ 39.
Re1 Qe4 40. Bf7 Ng4 41. Bc1 Nh2+ 0-1

[Event "19e Open de Saint-Affrique"]
[Site "Saint Affrique (12)"]
[Date "2011.07.24"]
[Round "2.77"]
[White "Del Valle, Julie"]
[Black "Valat, Jean-Marie"]
[Result "1-0"]
[WhiteElo "1409"]
[BlackElo "1666"]
[PlyCount "79"]
[EventDate "2011.??.??"]

1. d4 Nf6 2. c4 g6 3. Nc3 Bg7 4. Nf3 O-O 5. e4 d6 6. Bf4 c5 7. dxc5 Qa5 8. Bd2
Qxc5 9. Be2 Qc7 10. O-O Bd7 11. Rc1 Bc6 12. Nd5 Qd8 13. Bd3 Nbd7 14. Bc3 e5 15.
Bb4 Nc5 16. Bxc5 dxc5 17. Nxe5 Nxd5 18. cxd5 Bxe5 19. dxc6 b6 20. b3 Qc7 21. g3
Rfd8 22. Qf3 Qxc6 23. Bc4 Rd7 24. Bd5 Qc8 25. Bxa8 Qxa8 26. Rcd1 Bd4 27. Rfe1
Rd6 28. Qe2 Re6 29. Qd3 Qe8 30. a3 a5 31. Rb1 Qd7 32. Qe2 f5 33. Qc4 Kg7 34.
exf5 Rxe1+ 35. Rxe1 Qxf5 36. Re7+ Kh6 37. Qc1+ g5 38. Qe1 Kh5 39. Qe2+ g4 40.
h3 1-0